| 000 | 00414nam a22001577a 4500 | ||
|---|---|---|---|
| 003 | JO-AjAnu | ||
| 005 | 20241020113150.0 | ||
| 008 | 241016b jo ||||| |||| 00| 0 ara d | ||
| 040 | _cJO-AjAnu | ||
| 041 | _aENG | ||
| 245 | _aGREAT DESIGNS : the world,s best design explored & explained | ||
| 260 |
_alondon: _bphilip wilkinson, _c2019 |
||
| 300 | _a256page | ||
| 650 | 7 | 0 |
_adesigns _966243 |
| 942 |
_2lcc _cBK _n0 |
||
| 999 |
_c33725 _d33725 |
||